[Event "Guimaraes op 3rd"]
[Site "Guimaraes"]
[Date "2019.08.29"]
[Round "2"]
[White "Donadio Falcon, Pablo"]
[Black "Garcia Gimenez, Santiago"]
[Result "1/2-1/2"]
[WhiteElo "1925"]
[BlackElo "2161"]
[PlyCount "116"]
[EventDate "2019.08.28"]
[EventType "swiss"]
[EventRounds "7"]
[EventCountry "POR"]
[SourceTitle "EXT 2020"]
[Source "ChessBase"]
[SourceDate "2019.10.17"]
[SourceVersion "1"]
[SourceVersionDate "2019.10.17"]
[SourceQuality "1"]

1. e4 e5 2. Nf3 Nc6 3. Nc3 Nf6 4. d4 exd4 5. Nxd4 Bb4 6. Nxc6 bxc6 7. Bd3 d5 8. exd5 cxd5 9. 0-0 0-0 10. Bg5 c6 11. Qf3 Bd6 12. h3 Rb8 13. Rab1 Be6 14. Ne2 h6 15. Bf4 c5 16. Bxd6 Qxd6 17. c3 Bd7 18. b3 Bc6 19. Qf4 Qxf4 20. Nxf4 Ne4 21. Rbc1 g5 22. Ne2 a5 23. f3 Nd6 24. Rb1 Rfe8 25. Kf2 f5 26. g3 Rb7 27. Rfe1 Kf7 28. Ng1 Rxe1 29. Rxe1 Kf6 30. Ne2 a4 31. Rb1 axb3 32. axb3 Ra7 33. Rb2 Nf7 34. b4 Ne5 35. Bb1 Nc4 36. Ra2 Rxa2 37. Bxa2 cxb4 38. Bxc4 dxc4 39. cxb4 Bb7 40. Ke3 h5 41. h4 f4+ 42. Kf2 gxh4 43. gxh4 Ke5 44. Kg2 Bc6 45. Kf2 Bd7 46. Ke1 Bf5 47. Kf2 Bd7 48. Ke1 Bc6 49. Kf2 Bb7 50. Kg2 c3 51. Nxc3 Kd4 52. Ne4 Ke3 53. Ng5 Bc6 54. Kf1 Bb5+ 55. Kg1 Bc6 56. Kg2 Ke2 57. Kg1 Ke3 58. Kg2 Ke2 1/2-1/2

[Event "ESP-ch U18"]
[Site "Salobrena"]
[Date "2019.07.25"]
[Round "6"]
[White "Garcia Gimenez, Santiago"]
[Black "Galiana Fernandez, Adrian"]
[Result "0-1"]
[WhiteElo "2198"]
[BlackElo "2302"]
[PlyCount "62"]
[EventDate "2019.07.22"]
[EventType "swiss"]
[EventRounds "9"]
[EventCountry "ESP"]
[SourceTitle "CBM 191 Extra"]
[Source "ChessBase"]
[SourceDate "2019.09.30"]
[SourceVersion "1"]
[SourceVersionDate "2019.09.30"]
[SourceQuality "1"]

1. e4 c5 2. Nf3 Nf6 3. Nc3 d5 4. exd5 Nxd5 5. Bb5+ Bd7 6. Ne5 Nf6 7. Nxd7 Nbxd7 8. 0-0 e6 9. d4 a6 10. Be2 cxd4 11. Qxd4 Qc7 12. Bf3 Bc5 13. Qa4 0-0-0 14. Bf4 Ne5 15. Bxe5 Qxe5 16. Qb3 Qc7 17. a4 Rd4 18. Ne2 Rb4 19. Qa2 Ng4 20. Bxg4 Rxg4 21. c3 Qc6 22. Ng3 h5 23. b4 h4 24. b5 Qd6 25. Ne2 Qd3 26. h3 Qxh3 27. Nf4 Qf3 28. Qc4 h3 29. Qxc5+ Kb8 30. Rfb1 Rxg2+ 31. Kf1 Rg1+ 0-1

[Event "ESP-ch U18"]
[Site "Salobrena"]
[Date "2019.07.24"]
[Round "4"]
[White "Garcia Gimenez, Santiago"]
[Black "Martin Perez, Pau"]
[Result "1-0"]
[WhiteElo "2198"]
[BlackElo "1955"]
[PlyCount "61"]
[EventDate "2019.07.22"]
[EventType "swiss"]
[EventRounds "9"]
[EventCountry "ESP"]
[SourceTitle "CBM 191 Extra"]
[Source "ChessBase"]
[SourceDate "2019.09.30"]
[SourceVersion "1"]
[SourceVersionDate "2019.09.30"]
[SourceQuality "1"]

1. e4 g6 2. d4 d6 3. Nc3 Bg7 4. f4 a6 5. Nf3 b5 6. Bd3 Bb7 7. Be3 Nd7 8. Qe2 Ngf6 9. e5 Nd5 10. Ng5 e6 11. Nxd5 Bxd5 12. 0-0 0-0 13. Qg4 c5 14. c3 cxd4 15. cxd4 Rc8 16. f5 Bh6 17. fxg6 fxg6 18. Qh4 Bxg5 19. Bxg5 Qb6 20. Bh6 Qd8 21. Qg3 Rxf1+ 22. Rxf1 Qe8 23. exd6 Bxa2 24. h4 e5 25. Bf5 Be6 26. dxe5 Bxf5 27. Rxf5 Qe6 28. Rf1 Qxe5 29. Qxe5 Nxe5 30. Re1 Nd7 31. Kf2 1-0

[Event "ESP-chT Regional U14"]
[Site "Padron"]
[Date "2017.06.22"]
[Round "2.2"]
[White "Garcia Gimenez, Santiago"]
[Black "Gonzalez Munoz, Angel"]
[Result "1-0"]
[WhiteElo "1901"]
[BlackElo "1408"]
[PlyCount "49"]
[EventDate "2017.06.22"]
[EventType "team"]
[EventRounds "6"]
[EventCountry "ESP"]
[SourceTitle "EXT 2018"]
[Source "ChessBase"]
[SourceDate "2017.10.13"]
[SourceVersion "1"]
[SourceVersionDate "2017.10.13"]
[SourceQuality "1"]
[WhiteTeam "Valencia U14"]
[BlackTeam "Extremadura (U14)"]
[WhiteTeamCountry "ESP"]
[BlackTeamCountry "ESP"]

1. e4 c5 2. Nf3 e6 3. d4 cxd4 4. Nxd4 Nc6 5. Nc3 Nf6 6. Nxc6 bxc6 7. e5 Nd5 8. Ne4 f6 9. c4 Nb6 10. exf6 gxf6 11. Qh5+ Ke7 12. Be3 d6 13. 0-0-0 Qc7 14. Nxd6 Qxd6 15. Rxd6 Kxd6 16. c5+ Ke7 17. cxb6 axb6 18. Bxb6 Rxa2 19. Kb1 Ra8 20. Bc4 Rg8 21. Rd1 Bd7 22. Bc5+ Kd8 23. Rxd7+ Kxd7 24. Qf7+ Kc8 25. Bxe6+ 1-0